La oralidad reforzada y el Expediente Judicial Electrónico (Registro nro. 22575)
[ vista simple ]
| 000 -Cabecera | |
|---|---|
| Campo de control interno | 02603nam a2200277 4500 |
| 001 - Número de control | |
| control field | ESSALUD |
| 005 - Fecha y hora de la última transacción | |
| Campo de control | 20260701103721.0 |
| 007 - Tipo material - Descripcion fisica - info general | |
| Tipo material - Descripcion fisica - info general | ta |
| 008 - Elementos de Longitud Fija - Información General | |
| Elementos de Longitud Fija - Información | t pe ||||| |||| 00| 0 spa d |
| 040 ## - Origen de la Catalogación | |
| Origen de la Catalogación | BMG |
| 041 ## - Idioma | |
| Idioma | spa |
| 100 ## - Autor | |
| Autor | Barrera Torres, César Alfredo |
| Rol del Autor | Autor |
| 9 (RLIN) | 52925 |
| 245 ## - Titulo | |
| Titulo | La oralidad reforzada y el Expediente Judicial Electrónico |
| 246 ## - Variante del Titulo | |
| Titulo | Enhanced orality and the Electronic Judicial Record |
| 300 ## - Páginas | |
| Paginación | páginas 22-43 |
| 520 ## - Resumen | |
| Resumen | El autor refiere que el nuevo modelo de la oralidad reforzada en el ámbito civil no solo pretende que las partes lleven a cabo las actuaciones mediante el uso de la palabra hablada, sino que exige una profunda reconfiguración del rol del juzgador. Así, considera que la oralidad reforzada se asienta en la figura de un juez director y activo, que asume, entre otras cosas, la conducción personal e inmediata de la actividad probatoria. Igualmente, afirma que una verdadera cultura de la oralidad se consolidará cuando el sistema judicial adopte un modelo híbrido y flexible, donde la virtualidad se use estratégicamente para actos procesales de menor intensidad probatoria (audiencias preliminares o de conciliación) y la presencialidad o la infraestructura híbrida se reserve para la práctica de pruebas cruciales. |
| 520 ## - Resumen | |
| Resumen | The authar asserts that the new model of enhanced arality in civil proceedings does not mere/y intend far porties ta conduct proceedings<br/>through the spoken word; rather, it demands a profound reconfiguration of the judicial role. Consequently, the author posits thot enhanced orality is grounded in the fig ure of a praactive presiding j udge who assumes, among other responsibilities, the personal and immediate conduct of the evidentiary phase. Furthermore, the author maintains that a true culture of orality with be consolidated only when the j udicial system adopts a hybrid and flexible model. In this model, virtual proceedings are used strategically far pracedura acts of lower evidentiary intensity (such as preliminary or settlement hearings), while in -person attendance or hybrid infrastructure is reserved far the taking of<br/>criticalevidence. |
| 650 ## - Temas - Descriptores | |
| Temas - Descriptores | ORALIDAD CIVIL |
| 9 (RLIN) | 52926 |
| 650 ## - Temas - Descriptores | |
| Temas - Descriptores | PRINCIPIO DE INMEDIATEZ |
| 9 (RLIN) | 52927 |
| 650 ## - Temas - Descriptores | |
| Temas - Descriptores | ROL ACTIVO DEL JUEZ |
| 9 (RLIN) | 52928 |
| 650 ## - Temas - Descriptores | |
| Temas - Descriptores | CIVIL ORALITY |
| 9 (RLIN) | 52929 |
| 650 ## - Temas - Descriptores | |
| Temas - Descriptores | PRINCIPIE OF IMMEDIACY |
| 9 (RLIN) | 52930 |
| 650 ## - Temas - Descriptores | |
| Temas - Descriptores | ACTIVE ROLE OF THE JUDGE |
| 9 (RLIN) | 52931 |
| 773 0# - Revista (Relacion con el numero) | |
| Host Biblionumber | 22573 |
| Host Itemnumber | 22620 |
| Ciudad, Editorial | Lima Grupo Praxis Formación Profesional, 2026- |
| Codigo barras item/ejemplar | PRA001 |
| Titulo de la Revista | Praxis Civil & Procesal Civil |
| Número de control de registro | ESSALUD |
| ISSN | 3119-7671 |
| 942 ## - Elementos de Koha | |
| Tipo de Documento | Artículos |
| Fecha procesamiento | 2026-06-30 |
| Catalogador | sqb |
No hay ítems disponibles.